00337pab a2200133 454500008004000000100002000040245005600060260000900116300001600125362001100141650002200152650001400174773001500188180718b2013 xxu||||| |||| 00| 0 eng d aGatade, Subhash aStatute of unity: How the Varna media is loving it! c2013 ap.25-28,44. a28 Dec aElections - India aElections aMainstream